Thirty-three years a live wire: (Record no. 14140)

000 -LEADER
fixed length control field 00649nam a2200193 a 4500
001 - CONTROL NUMBER
control field :::00011964$&:&@@
003 - CONTROL NUMBER IDENTIFIER
control field OkBaRHE
005 - DATE AND TIME OF LATEST TRANSACTION
control field 20000607103414.0
008 - FIXED-LENGTH DATA ELEMENTS--GENERAL INFORMATION
fixed length control field j 000 0 eng u
040 ## - CATALOGING SOURCE
Transcribing agency
100 1# - MAIN ENTRY--PERSONAL NAME
Personal name Hatfield, John Thomas, 1851-
245 10 - TITLE STATEMENT
Title Thirty-three years a live wire:
Remainder of title life of John T. Hatfield, the "Hoosier Evangelist".
260 ## - PUBLICATION, DISTRIBUTION, ETC. (IMPRINT)
Place of publication, distribution, etc n.p., :
Name of publisher, distributor, etc Revivalist Press
Date of publication, distribution, etc nd
300 ## - PHYSICAL DESCRIPTION
Extent 317 p. ;
Dimensions 20 cm.
650 ## - SUBJECT ADDED ENTRY--TOPICAL TERM
Topical term or geographic name as entry element Hatfield, John Thomas, 1851-
650 ## - SUBJECT ADDED ENTRY--TOPICAL TERM
Topical term or geographic name as entry element Pentecostalism
General subdivision Biography
942 ## - ADDED ENTRY ELEMENTS (KOHA)
Source of classification or shelving scheme
Koha item type Books
Copies
Price effective from Withdrawn status Permanent Location Source of classification or shelving scheme Date acquired Full call number Lost status Date last seen Koha item type Barcode Damaged status Not for loan Copy number Shelving location
2010-04-14 RHEMA Bible Training College 2010-04-14BX 8762 .Z8H3 2010-04-14Books11964  1General Stacks